|
|
|
|
| LEADER |
00000nam a2200000 a 4500 |
| 001 |
vtls011840514 |
| 003 |
SK-MaSNL |
| 005 |
20260301100845.0 |
| 008 |
251112s1784 gw 001 0 ger |
| 015 |
|
|
|a SNBHFA1784
|
| 040 |
|
|
|a SNKHF
|b slo
|c SNK
|e AACR2
|
| 041 |
0 |
|
|a ger
|
| 044 |
|
|
|a gw
|c DE
|
| 100 |
1 |
|
|a Sander, Heinrich,
|d 1754-1782
|4 aut
|9 434257
|
| 245 |
1 |
0 |
|a Von der Güte und Weisheit Gottes in der Natur
|c von Heinrich Sander, Professor am Gymnasio illustri in Carlsruhe, und Ehrenmitglied der Berlinischen Gesellschaft naturforschender Freunde
|
| 250 |
|
|
|a Neue verbesserte Auflage
|
| 260 |
|
|
|a Frankfurt und Lepizig
|b [b.t.]
|c 1784
|
| 300 |
|
|
|a [18], 416 strán
|c 18 cm
|
| 500 |
|
|
|a Vinety, iniciálky na 2 riadky tlačené bez pozadia, živé záhlavie, kustody
|
| 508 |
|
|
|a Dedikácia: An des regierenden Herrn Markgraven zu Baaden
|
| 546 |
|
|
|a Nemčina
|b Fraktúra
|
| 561 |
|
|
|a Z knižnice Učenej spoločnosti malohontskej.
|5 SNK ID 100931
|
| 561 |
|
|
|a Na titulnom liste rukopisný posesorský záznam: Fejess.
|5 SNK ID 100931
|
| 700 |
1 |
|
|a Feješ, Ján,
|d 1764-1823
|4 fmo
|9 82956
|
| 700 |
0 |
|
|a Karl Friedrich,
|c markgróf bádenský,
|d 1728-1811
|4 hnr
|9 434258
|
| 710 |
2 |
|
|a Učená spoločnosť malohontská
|4 fmo
|9 205374
|
| 752 |
|
|
|a Nemecko
|d Frankfurt nad Mohanom
|
| 852 |
|
|
|a snk
|b Historické fondy
|p ID 100931
|
| 999 |
|
|
|c 687553
|d 689483
|
| 952 |
|
|
|t MHC IX.G.2
|a SNK
|b SNK
|c SNK_HF
|y PREZ
|7 0
|p 17A1302671
|o snkID 100931
|i snk2019/4018
|8 5
|0 0
|1 0
|4 0
|d 2019-02-12
|l 0
|r 2026-02-23 20:16:59
|w 2026-02-23
|